| 000 | 01343nam a2200325 a 4500 | ||
|---|---|---|---|
| 001 | ebr5001732 | ||
| 003 | CaPaEBR | ||
| 006 | m u | ||
| 007 | cr cn||||||||| | ||
| 008 | 001004s2001 enk sb 001 0 eng | ||
| 010 | _z 00050239 | ||
| 020 | _z0521443660 (hbk) | ||
| 040 |
_aCaPaEBR _cCaPaEBR |
||
| 035 | _a(OCoLC)50096058 | ||
| 050 | 1 | 4 |
_aHV4138.I4 _bG66 2001eb |
| 082 | 0 | 4 |
_a305.569/0954 _221 |
| 100 | 1 | _aGooptu, Nandini. | |
| 245 | 1 | 4 |
_aThe politics of the urban poor in early twentieth-century India _h[electronic resource] / _cNandini Gooptu. |
| 260 |
_aCambridge [England] ; _aNew York : _bCambridge University Press, _c2001. |
||
| 300 | _axxiii, 464 p. | ||
| 490 | 1 |
_aCambridge studies in Indian history and society ; _v8 |
|
| 504 | _aIncludes bibliographical references (p. 431-447) and index. | ||
| 533 |
_aElectronic reproduction. _bPalo Alto, Calif. : _cebrary, _d2013. _nAvailable via World Wide Web. _nAccess may be limited to ebrary affiliated libraries. |
||
| 650 | 0 |
_aUrban poor _zIndia. |
|
| 650 | 0 |
_aRural-urban migration _zIndia. |
|
| 655 | 7 |
_aElectronic books. _2local |
|
| 710 | 2 | _aebrary, Inc. | |
| 830 | 0 |
_aCambridge studies in Indian history and society ; _v8. |
|
| 856 | 4 | 0 |
_uhttp://site.ebrary.com/lib/rucke/Doc?id=5001732 _zAn electronic book accessible through the World Wide Web; click to view |
| 999 |
_c1335 _d1335 |
||